Nuevos enfoques sobre la sociedad civil /
Se examinan algunas de las principales razones del resurgimiento de la sociedad civil contemporánea a partir del análisis y la crítica de los dos principales posiciones intelectuales que han intervenido en los últimos años en la discusión sobre los límites y prespectivas de la sociedad civil, o sea...
Enregistré dans:
| Auteur principal: | |
|---|---|
| Autres auteurs: | |
| Format: | Texte |
| Sujets: | |
| Tags: |
Ajouter un tag
Pas de tags, Soyez le premier à ajouter un tag!
|
MARC
| LEADER | 00000 a a2200000 04500 | ||
|---|---|---|---|
| 001 | 9601 | ||
| 003 | |||
| 040 | |||
| 100 | |a Cansino, César | ||
| 245 | |a Nuevos enfoques sobre la sociedad civil / |c César Cansino ; Sergio Ortiz Leroux | ||
| 520 | |a Se examinan algunas de las principales razones del resurgimiento de la sociedad civil contemporánea a partir del análisis y la crítica de los dos principales posiciones intelectuales que han intervenido en los últimos años en la discusión sobre los límites y prespectivas de la sociedad civil, o sea los liberales y los social-liberales. El resurgimiento lejos de ser casual responde a distintos hechos políticos de gran actualidad, entre ellos destaca la crisis de los partidos políticos en las democracias modernas, los cuales tienen cada vez más dificultades para representar y agregar intereses sociales, pues responden cada vez más a las utilidades de las élites internas. Por otra parte se aduce el imperativo de redefinir los alcances y límites de las esferas del Estado y de la sociedad a la luz de la emergencia de nuevos actores y movimientos sociales, además de la pérdida de eficacia de las tradicionales fórmulas de gestión económica y social de orden corporativo, finalmete por el cuestionamiento público del universo de los políticos por motivos de corrupción y neopotismo. A estos hechos se le agregan dos procesos históricos de la segunda mitad del siglo XX, la crisis del Estado-benefactor europeo en los años sesenta y setenta y su sustitución por los experimentos institucionales neocorporativos o neoliberales, así como la caída de los regímenes comunistas en la ex- Unión Soviética y en Europa del Este para fines de los años ochenta. LOB/LOB | ||
| 650 | |a SOCIEDAD CIVIL | ||
| 650 | |a SISTEMAS POLITIOCS | ||
| 650 | |a DEMOCRACIA | ||
| 650 | |a PARTICIPACION SOCIAL | ||
| 650 | |a PODER POLITICO | ||
| 650 | |a ESTADO | ||
| 650 | |a JUSTICIA SOCIAL | ||
| 650 | |a IGUALDAD DE OPORTUNIDADES | ||
| 650 | |a DERECHOS CIVILES | ||
| 700 | |a Ortiz Leroux, Sergio | ||
| 773 | |g volumen 1, número 2; páginas 211-226 | ||
| 999 | |c 31028 |d 31028 | ||
